Normal view
MARC view
Entry Personal Name
001 - CONTROL NUMBER
- control field: 14002
003 - CONTROL NUMBER IDENTIFIER
- control field: OSt
005 - DATE AND TIME OF LATEST TRANSACTION
- control field: 20230105145737.0
008 - FIXED-LENGTH DATA ELEMENTS
- fixed length control field: 230105|| aca||aabn | a|a d
040 ## - CATALOGING SOURCE
- Original cataloging agency: OSt
- Transcribing agency: OSt
100 ## - HEADING--PERSONAL NAME
- Personal name: Knox, Robert,
- Dates associated with a name: 1640?-1720
670 ## - SOURCE DATA FOUND
- Source citation: Work cat.: (OSt)0: Knox, Robert, 1640?-1720., An historical relation of the island Ceylon : Vol II /, 1989.